书目信息 |
| 题名: |
现代声学漫谈
|
|
| 作者: | 雷德尼克 著 ;沈一龙 译 | |
| 分册: | ||
| 出版信息: | 北京 科学普及出版社 1982 |
|
| 页数: | 70页 | |
| 开本: | 19cm | |
| 丛书名: | ||
| 单 册: | ||
| 中图分类: | O42-49 | |
| 科图分类: | ||
| 主题词: | 声学--普及读物 | |
| 电子资源: | ||
| ISBN: | ||
| 000 | 00630nam0 2200229 45 | |
| 001 | 0182005929 | |
| 005 | 20060809144504.84 | |
| 010 | @dCNY0.28 | |
| 100 | @a19950407d1982 em y0chiy0121 ea | |
| 101 | 0 | @achi |
| 102 | @aCN@b110000 | |
| 105 | @ay z 000yy | |
| 200 | 10 | @a现代声学漫谈@Axian dai sheng xue man tan@f(苏)雷德尼克著@g沈一龙译 |
| 210 | @a北京@c科学普及出版社@d1982 | |
| 215 | @a70页@d19cm | |
| 606 | @a声学@x普及读物 | |
| 690 | @aO42-49@v3 | |
| 701 | 1 | @a雷德尼克@Alei de ni ke@4著 |
| 702 | 0 | @a沈一龙@Ashen yi long@4译 |
| 801 | 0 | @aCN@bTSSF@c20060809 |
| 801 | 2 | @aCN@bNLC@c20060725 |
| 905 | @a10447@dO42-49@e17 | |
| 现代声学漫谈/(苏)雷德尼克著/沈一龙译.-北京:科学普及出版社,1982 |
| 70页;19cm |
| ISBN :CNY0.28 |
| ● |
| 相关链接 |
|
|
|
|
正题名:现代声学漫谈
索取号:O42-49/17
 
预约/预借
| 序号 | 登录号 | 条形码 | 馆藏地/架位号 | 状态 | 备注 |
| 1 | 0432842 | 204328423 | 密集书库/ [索取号:O42-49/17] | 在馆 | |
| 2 | 0450026 | 204500263 | 密集书库/ [索取号:O42-49/17] | 在馆 |